Local Democracy, Economic Development and Construction Act 2009 (Record no. 112627)

MARC details
000 -LEADER
fixed length control field 01216cad a22002295a 4500
001 - CONTROL NUMBER
control field L153642
008 - FIXED-LENGTH DATA ELEMENTS--GENERAL INFORMATION
fixed length control field 110812s2011 xxk f 000 0 eng d
035 ## - SYSTEM CONTROL NUMBER
System control number (Sirsi) u153642
041 0# - LANGUAGE CODE
Language code of text/sound track or separate title eng
100 1# - MAIN ENTRY--PERSONAL NAME
Personal name Bailey, Richard
245 00 - TITLE STATEMENT
Title Local Democracy, Economic Development and Construction Act 2009
Medium [electronic resource]
260 ## - PUBLICATION, DISTRIBUTION, ETC.
Place of publication, distribution, etc. [S.l.]
Name of publisher, distributor, etc. Fenwick Elliott
Date of publication, distribution, etc. 2011
520 ## - SUMMARY, ETC.
Summary, etc. Summary of the key changes to Part 8 of the Local Democracy, Economic Development and Construction Act 2009 (the "New Act") which amends the adjudication and payment provisions in Part II of the Housing Grants, Construction and Regeneration Act 1996 comes into force on 1 October 2011.
590 ## - LOCAL NOTE (RLIN)
Local note KA
650 24 - SUBJECT ADDED ENTRY--TOPICAL TERM
Topical term or geographic name entry element LOCAL DEMOCRACY, ECONOMIC DEVELOPMENT AND CONSTRUCTION ACT 2009
650 24 - SUBJECT ADDED ENTRY--TOPICAL TERM
Topical term or geographic name entry element HOUSING GRANTS, CONSTRUCTION AND REGENERATION ACT 1996
651 #4 - SUBJECT ADDED ENTRY--GEOGRAPHIC NAME
Geographic name England and Wales
Chronological subdivision 1543-
690 ## - LOCAL SUBJECT ADDED ENTRY--TOPICAL TERM (OCLC, RLIN)
Topical term or geographic name as entry element BUILT ENVIRONMENT-CONSTRUCTION MANAGEMENT-BUILDING CONTRACT ADMINISTRATION
710 1# - ADDED ENTRY--CORPORATE NAME
Corporate name or jurisdiction name as entry element Fenwick Elliott
9 (RLIN) 5892
856 40 - ELECTRONIC LOCATION AND ACCESS
Uniform Resource Identifier <a href="https://www.fenwickelliott.com/files/Local%20Democracy,%20Economic%20Development%20and%20Construction%20Act%202009_0.pdf">https://www.fenwickelliott.com/files/Local%20Democracy,%20Economic%20Development%20and%20Construction%20Act%202009_0.pdf</a>
Public note View this item free of charge at www.fenwickelliot.com
942 ## - ADDED ENTRY ELEMENTS (KOHA)
Suppress in OPAC 0
Holdings
Withdrawn status Lost status Source of classification or shelving scheme Damaged status Not for loan Home library Current library Shelving location Date acquired Total Checkouts Full call number Barcode Date last seen Copy number Price effective from Koha item type
    Dewey Decimal Classification     Virtual Virtual Online 12/08/2011   ONLINE PUBLICATION 153642-2001 06/08/2019 1 06/08/2019 Book